Flagi stanowe Stanów Zjednoczonych - Statystyki

Ogólne statystyki
  • Ten quiz został rozwiązany 7 184 razy
  • Średni wynik to 13 z 50
Statystyki odpowiedzi
Obrazkowy Odpowiedź % Poprawnych
Teksas
95%
Kalifornia
76%
Waszyngton
63%
Alaska
57%
Hawaje
51%
Ohio
49%
Nowy Meksyk
48%
Kolorado
47%
Arizona
44%
Alabama
41%
Maryland
37%
Floryda
36%
Karolina Południowa
30%
Wyoming
29%
Arkansas
27%
Georgia
23%
Luizjana
22%
Nowy Jork
22%
Oklahoma
22%
Tennessee
22%
Indiana
21%
Rhode Island
21%
Mississippi
19%
Oregon
19%
Dakota Południowa
18%
Delaware
18%
Iowa
18%
Karolina Północna
17%
Michigan
17%
Nevada
17%
Kentucky
16%
Illinois
15%
Massachusetts
15%
Missouri
15%
Utah
15%
Montana
14%
Nebraska
14%
New Jersey
14%
Pennsylwania
14%
Kansas
13%
Maine
13%
Wirginia
13%
Connecticut
12%
New Hampshire
12%
Wirginia Zachodnia
12%
Minnesota
11%
Vermont
11%
Dakota Północna
10%
Idaho
10%
Wisconsin
10%
Nie znaleziono quizów pasujących do podanych kryteriów
Rozkład punktacji
Procent ludzi z każdym wynikiem
Percentyl według liczby udzielonych odpowiedzi
Twoja historia wyników
Nie rozwiązałeś tego quizu